000 00508cam a2200193 4500
001 D874
008 090401t1984 xxu||||| |||| 00| 0 eng d
035 _a(Sirsi) u48655
041 _aeng
050 _a693.21
100 _aAllars, P.D.
245 _aAchieving quality brickwork on site
260 _aAscot, Berks
_bChartered Institute of Building
_c1984
300 _a8p. ill. 30cm
350 _a0
490 _aTechnical Information Service
_pSite Management
_v38
942 _n0
948 _c04/03/1997
999 _c92383
_d92383